Danganronpa personnages - Statistiques

Statistiques générales
  • Ce quiz a été pris 72 fois
    70 depuis la dernière actualisation
  • Le résultat moyen est 80 sur 288
Statistiques - réponses
Indice Réponse % Correct
Allié de Kibôgamine K
98%
Ultime Nageuse Aoi Asahina
93%
Ultime Héritier Byakuya Togami
93%
Ultime Parieuse Celestia Ludenberg / Taeko Yasuhiro
93%
Ultime Désespoir / Fashionistas Junko Enoshima
93%
Ultime Détective Kyôko Kirigiri
93%
Ultime Espoir / Chanceux Makoto Naegi
93%
Directeur Monokuma
93%
Ultime Combattante Sakura Ôgami
93%
Ultime Écrivaine Tôko Fukawa
93%
Ultime Gameuse Chiaki Nanami
90%
Ultime Joueur de Baseball Leon Kuwata
90%
Ultime Despote Kokichi Ôma
88%
Ultime Chanceux Nagito Komaeda
88%
Ultime Tueuse en Série Shô la Génocidaire
88%
Ultime Princesse Sonia Nevermind
88%
Ultime Auteur de Fanfictions Hifumi Yamada
85%
Ultime Infirmière Mikan Tsumiki
85%
Idol Monk Momomichi Itô
85%
Ultime Biker Mondo Ôwada
85%
Ultime Voyant Yasuhiro Hagakure
85%
Ultime Gymnaste Akane Owari
83%
Intelligence Artificielle Alter Ego
83%
Ultime Éleveur Gundham Tanaka
83%
Élève de Réserve / Ultime Espoir Hajime Hinata
83%
Ultime Musicienne Ibuki Mioda
83%
Ultime Mécanicien Kazuichi Soda
83%
Ultime Manageur Nekomaru Nidaï
83%
Ultime Idole Sayaka Maizono
83%
Membre du Conseil Étudiants Shôji Yokô
83%
Ultime Artiste Angie Yonaga
80%
Ultime Programmeur Chihiro Fujisaki
80%
Ultime Préfet Kiyotaka Ishimaru / Kiyondo Ishida
80%
Ultime Photographe Mahiru Koizumi
80%
Ultime Soldate Mukuro Ikusaba
80%
Membre du Conseil Étudiants Tarô Kurosaki
80%
Ultime Cuisinier Teruteru Hanamura
80%
Ultime Yakuza Fuyuhiko Kuzuryû
78%
Ultime Entomologiste Gonta Gokuhara
78%
Famille Togami Hiru Togami
78%
Ultime Pianiste Kaede Akamatsu
78%
Soeur de l'Ultime Espoir / Chanceux Komaru Naegi
78%
Enfant Makoto
78%
Ultime Inventrice Miu Iruma
78%
Ultime Escrimeuse Peko Pekoyama
78%
Ultime Détective Shûichi Saihara
78%
Membre du Groupe de l'Ultime Idole Ayaka Haneyama
76%
Ultime Magicienne Himiko Yumeno
76%
Ultime Danseuse Traditionnelle Hiyoko Saionji
76%
Ultime Robot K1-B0
76%
Ultime Astronaute Kaito Momota
76%
Ultime Assassin / "Ultime Nourrisse" Maki Harukawa
76%
Professeur Monomi / Usami
76%
Monokumers Monophanie
76%
Famille Togami Saya Togami
76%
Ultime Aïkidoka Tenko Chabashira
76%
Ultime Cosplayeuse Tsumugi Shirogane
76%
Monokumers Monokid
73%
Ultime Survivant / Ultime Aventurier Rantarô Amami
73%
Ultime Gouvernante Kirumi Tôjô
71%
Monokumers Monotaro
71%
Ultime Tennisman Ryôma Hoshi
71%
Famille Togami Shirô Togami
68%
Ultime Espoir Izuru Kamukura
66%
Monokumers Monodam
66%
Participant du Duel Noir des Douze Zodiac Ryô Ôba
66%
"Ultime Héritier" / "Ultime Animateur" Ultime Imposteur / Byakuya Twogami
66%
Ancienne Ultime Femme de Ménage Chisa Yukizome
63%
Ultime Anthropologue Korekiyo Shingûji
63%
Monokumers Monosuke
63%
P'tite Ultime Déléguée Monaca Tôwa
61%
P'tit Ultime Sociologue Nagisa Shingetsu
61%
Ours Blanc Shirokuma
61%
Leader de la Résistance Haïji Tôwa
59%
Vrai Directeur Jin Kirigiri
59%
Famille Togami Asa Togami
56%
P'tite Ultime Comédienne Kotoko Utsugi
56%
Ours Noir Kurokuma
56%
Ultime Animateur Ryota Mitaraï
56%
Membre de l'Unité Spéciale d'Enquête Criminelle Yûjirô Îda
49%
Frère de l'Ultime Nageuse Yûta Asahina
46%
P'tit Ultime Sportif Masaru Daimon
44%
The Moleman Suzuhiko Ôtsuki / Togami
44%
Ancien Directeur Kazuo Tengan
41%
Participant du Duel Noir des Douze Zodiac Gunzô Arai
39%
P'tit Ultime Artiste Jatarô Kemuri
39%
Ancien Ultime Boxeur Jûzô Sakakura
39%
Ancien Ultime Président du Conseil Étudiants Kyôsuke Munakata
37%
Amie de l'Ultime Photographe Satô
37%
Ancienne Ultime Pharmacienne Seiko Kimura
37%
Ancien Ultime Chasseur de Talent Kôichi Kizakura
34%
Ancienne Ultime Pâtissière Ruruka Andô
34%
Membre du Conseil Étudiants Ryôta Someya
34%
Fan de l'Idole Sakuma Fujii
34%
Participant du Duel Noir des Douze Zodiac Shiro'o Shima
34%
Ancien Ultime Forgeron Sônosuke Izayoi
34%
Sœur de l'Ultime Auteur de Fanfictions Fujiko Yamada
32%
Producteur de Monokuma Motherkuma
32%
Sœur de l'Ultime Yakuza Natsumi Kuzuryû
32%
Ancien Ultime Catcheur Great Gozu
29%
Machiniste d'Idol Monk Kôichi Ogawa
29%
Petite Amie de l'Étudiant Normal Nami Kikushima
29%
Leader du Black Magic Club Saki Fushie
29%
Mère de l'Ultime Voyant Hiroko Hagakure
27%
Père de l'Ultime Programmeur Taichi Fujisaki
27%
Frère de l'Ultime Biker Daiya Ôwada
24%
Détective DSC 000 Licorne / Rei Mikagami
24%
Ancienne Ultime Thérapeute Miaya Gekkôgahara
24%
Directeur de Stage d'Idol Monk Osamu Yamada
24%
Participante du Duel Noir des Douze Zodiac Rei Naruko
24%
Infirmière Rei Shimizu
24%
Ancien Ultime Fermier Daisaku Bandai
22%
Participante du Duel Noir des Douze Zodiac Erî Wan
22%
Monokumers Nanokuma
22%
Participante du Duel Noir des Douze Zodiac Taruhi Hoshi
22%
Chat de l'Ultime Parieuse Grand Bois Chéri Ludenberg
20%
Hamster de l'Ultime Éleveur Jum-P
20%
Ultime Neurologue Yasuke Matsuda
20%
Victime d'un Meurtre Hana Niyama
17%
Participante du Duel Noir des Douze Zodiac Hana Takezaki
17%
Ultime Garde du Corps / Ultime Né Multiple Isshiki Madarai
17%
Cousine de l'Ultime Joueur de Baseball Kanon Nakajima
17%
Ultime Analyste Ryôko Otonashi
17%
Hamster de l'Ultime Éleveur San-D
17%
Détective DSC 885 Yui Samidare
17%
Ultime Agent Secret Yûto Kamishiro
17%
Majordome de l'Ultime Héritier Aloysius Pennyworth
15%
Fondateur de l'Académie Kibôgamine Izuru Kamukura
15%
Rival de l'Ultime Combattante Kenshirô
15%
Ultime Président du Conseil Étudiants Sôshun Murasame
15%
Membre du Conseil Étudiants Asukasei Hino
12%
Hamster de l'Ultime Éleveur Cham-P
12%
Famille Togami Ichirô Togami
12%
Famille Togami Jirô Togami
12%
Hamster de l'Ultime Éleveur Maga-Z
12%
Membre du Conseil Étudiants Aiko Umesawa
10%
Fan de l'Idole Chuusuke Ooyama
10%
Créateur du Robot Ultime Idabashi
10%
Cattle Slayer Taeko Kanai
10%
Membre des Crazy Diamonds Takemichi Yukimura
10%
Grand Père Paternelle de l'Ultime Détective Fuhito Kirigiri
7%
Chef de l'Unité Spéciale d'Enquête Criminelle Ikue Dôgami
7%
Punaise de l'Ultime Écrivaine Kameko
7%
Membre du Conseil Étudiants Kiriko Nishizawa
7%
Membre du Conseil Étudiants Kotomi Ikuta
7%
Participant du Duel Noir de l'Observatoire Sirius Kou Inuzuka
7%
Clone de l'Ultime Détective Kyôka
7%
Membre de l'Unité Spéciale d'Enquête Criminelle Mekuru Katsuragi
7%
Membre de l'Unité Spéciale d'Enquête Criminelle Misaki Asano
7%
Ultime Botaniste Santa Shikiba
7%
Ultime Secrétaire Shinobu Togami / Blue Ink
7%
Membre du Conseil Étudiants Sôsuke Ichino
7%
Institut de Recherche Hasegawa Subordonné Kanai
7%
Père de l'Ultime Préfet Takaaki Ishimaru
7%
Ancien Ultime Pyrotechnicien Ted Chikatilo
7%
Membre du Catharsis des Victimes Tôkichirô Endô
7%
Chien de l'Ultime Biker Chuck
5%
Membre du Conseil Étudiants Daiki Kubo
5%
Amis de l'Ultime Manageur Daisuke
5%
Participant du Duel Noir de l'Observatoire Sirius Eigo Amino
5%
Mangaka Eiichirô Saiyama
5%
Membre du Conseil Étudiants Karen Kisaragi
5%
Famille Togami Kijô Togami
5%
Fan de l'Idole Mimiko Tomizawa
5%
Ultime Garde du Corps / Ultime Né Multiple Nisshiki Madarai
5%
Ultime Garde du Corps / Ultime Né Multiple Rosshiki Madarai
5%
Participante du Duel Noir des Douze Zodiac Sachi Mizuiyama
5%
Ultime Garde du Corps / Ultime Né Multiple Sasshiki Madarai
5%
Participante du Duel Noir Final Shiroko Yukimura
5%
Ultime Garde du Corps / Ultime Né Multiple Shisshiki Madarai
5%
Killer Killer Shûji Fujigawa
5%
Participant du Duel Noir de l'Hôtel Norman Suisei Nanamura
5%
Membre de l'Unité Spéciale d'Enquête Criminelle Takumi Hijirihara
5%
Responsable du Groupe Tôwa Tokuichi Tôwa
5%
Membre du Conseil Étudiants Tsubasa Kamii
5%
Assassin / Ancien Ultime Escaladeur Tsurugi Hitomoshi
5%
Ultime Garde du Corps / Ultime Né Multiple Yasshiki Madarai
5%
Ultime Garde du Corps / Ultime Né Multiple Yosshiki Madarai
5%
Participante du Duel Noir d'Abattre l'Ange Ayako Saïko
2%
Académie Kibôgamine Comité Directeur
2%
Assassin Copycat
2%
"Monokuma" Employé de Monokuma
2%
Ours de l'Ultime Éleveur Grizner
2%
Étudiant Katana Shindô
2%
Membre de la Future Fondation Kenji Tsuruhashi
2%
Idole Kinari Kunugida
2%
Sœur du Détective DSC 885 Mayu Samidare
2%
Ultime Garde du Corps / Ultime Né Multiple Misshiki Madarai
2%
Famille Kagami Naomi Kagami
2%
Sœur de la Petite Amie de l'Étudiant Normal Naomi Kikushima
2%
Fan de l'Idole Nobuo Takeda
2%
Académie Kibôgamine Professeur d'Éducation Physique
2%
Participante du Duel Noir de l'Hôtel Norman Sae Yozuru
2%
Membre du Groupe de l'Ultime Idole Satomi Aoba
2%
Participant du Duel Noir de l'Observatoire Sirius Shiita Enbi
2%
Étudiante Shokô
2%
Membre du Conseil Étudiants Suzuko Kashiki
2%
Participent du Duel Noir de l'Observatoire Sirius Tadashi Asakura
2%
Participante du Duel Noir de l'Hôtel Norman Taehime Uozumi
2%
Membre du Conseil Étudiants Tomohiko Gôryoku
2%
Grand Père de l'Ultime Préfet Toranosuke Ishimaru
2%
Ancienne Équipe Spécial d'Assaut Niveau Super Lycée de la Future Fondation Ultime Archère
2%
Ancienne Équipe Spécial d'Assaut Niveau Super Lycée de la Future Fondation Ultime Artiste de Rue
2%
Ancienne Équipe Spécial d'Assaut Niveau Super Lycée de la Future Fondation Ultime Clown
2%
Ancienne Équipe Spécial d'Assaut Niveau Super Lycée de la Future Fondation Ultime Combattant de Rue
2%
Ancienne Équipe Spécial d'Assaut Niveau Super Lycée de la Future Fondation Ultime Escrimeur
2%
Ancienne Équipe Spécial d'Assaut Niveau Super Lycée de la Future Fondation Ultime Fauconnier
2%
Ancienne Équipe Spécial d'Assaut Niveau Super Lycée de la Future Fondation Ultime Joueur de Shôgi
2%
Ancienne Équipe Spécial d'Assaut Niveau Super Lycée de la Future Fondation Ultime Joueuse de Yoyo
2%
Ancienne Équipe Spécial d'Assaut Niveau Super Lycée de la Future Fondation Ultime Lanceur de Disque
2%
Ancienne Équipe Spécial d'Assaut Niveau Super Lycée de la Future Fondation Ultime Lancier
2%
Ancienne Équipe Spécial d'Assaut Niveau Super Lycée de la Future Fondation Ultime Maître de Judo
2%
Ancienne Équipe Spécial d'Assaut Niveau Super Lycée de la Future Fondation Ultime Manucure
2%
Ancienne Équipe Spécial d'Assaut Niveau Super Lycée de la Future Fondation Ultime Roboticien
2%
Ancienne Équipe Spécial d'Assaut Niveau Super Lycée de la Future Fondation Ultime Tireuse d'Élite
2%
Participant du Duel Noir de l'Hôtel Norman Akio Chage
0%
Famille Togami Anastasia Togami
0%
Famille Togami Asagao Togami
0%
Famille Togami Eyumi Togami
0%
Participant du Duel Noir des Douze Zodiac Fukuju Idogaki
0%
Membre du Catharsis des Victimes Gekka Ryûzôji
0%
Participant du Duel Noir des Douze Zodiac Gorô Anbô
0%
Participant du Duel Noir des Douze Zodiac Hajiki Yaki
0%
Participant du Duel Noir des Douze Zodiac Hironori Hari
0%
Famille Ketôin Hiroyuki Ketôin
0%
Neurologue Ikumi Gozô
0%
Membre du Catharsis des Victimes Johnny Arp
0%
Participant du Duel Noir d'Abattre l'Ange Joshua Lindberg
0%
Voleur Jutarô Akafuku
0%
Participant du Duel Noir des Douze Zodiac Kaei Kuchiki
0%
Participant du Duel Noir des Douze Zodiac Kamato Hachisuka
0%
Famille Togami Kanako Togami
0%
Participant du Duel Noir Final Kanji Yuhain
0%
Médecin Kanta Tsunada
0%
Participant du Duel Noir des Douze Zodiac Kaoru Nagate
0%
Participant du Duel Noir des Douze Zodiac Kariyasu Karasuba
0%
Participant du Duel Noir des Douze Zodiac Katsumi Kodama
0%
Chirurgien Kazumitsu Inaka
0%
Famille Togami Kazuya Togami / Orvin Elevator
0%
Famille Togami Keith Elevator
0%
Étudiant Normal Kôhei Matsudaira
0%
Participante du Duel Noir des Douze Zodiac Korisu Kakitsubata
0%
Participant du Duel Noir des Douze Zodiac Kôsuke Kanzashîchi
0%
Société Togami Kudan
0%
Famille Togami Lourde Togami
0%
Famille Togami Maina Togami
0%
Participante du Duel Noir de l'Hôtel Norman Meruko Mifune
0%
Famille Togami Michiko Togami
0%
Dirigeant du Catharsis des Victimes Mikado Shinsen
0%
Famille Togami Mitsuzô Togami
0%
Participant du Duel Noir d'Abattre l'Ange Motosuke Suzuyari
0%
Frère de l'Étudiant Normal Naoki Matsudaira
0%
Participante du Duel Noir des Douze Zodiac Nazuna Toakitsu
0%
Assassin Night Flyer
0%
Participante du Duel Noir des Douze Zodiac Otsuko Kuchiki
0%
Assistante d'un Détective Polaris P. Polanski
0%
Ultime Joueur de Rugby Pûtarô Isoyama
0%
Extraterrestre Rhinogradentia
0%
Famille Togami Saburô Togami
0%
Participant du Duel Noir des Douze Zodiac Salvador Yadorigi Fukurô
0%
Famille Kagami Sana Kagami
0%
Participante du Duel Noir des Douze Zodiac Seika Kumano
0%
Participant du Duel Noir de l'Hôtel Norman Seiunsai Toyano'ô / Mitsuru
0%
Participant du Duel Noir Final Senshi Kadomi
0%
Participant du Duel Noir des Douze Zodiac Shikon Kyûren
0%
Chirurgien Shin'ya Ikemoto
0%
Participant du Duel Noir des Douze Zodiac Suntetsu Shirasu
0%
Participant du Duel Noir des Douze Zodiac Suô Kyûren
0%
Famille Togami Takaya Togami
0%
Participant du Duel Noir des Douze Zodiac Tatsutora Oboro
0%
Institut de Recherche Hasegawa The Chief
0%
Myst'ry Research Society The Club President
0%
Institut de Recherche Hasegawa The Professor
0%
Myst'ry Research Society The Treasurer
0%
Myst'ry Research Society The Vice President
0%
Grand Père Maternelle de l'Ultime Détective Tôhachirô Uzuchi
0%
Participant du Duel Noir des Douze Zodiac Tôru Uchida
0%
Participant du Duel Noir des Douze Zodiac Tôya Tsutsumi
0%
Participante du Duel Noir des Douze Zodiac Tsukiyo Nada
0%
Membre de la Future Fondation Ultime Maquilleuse
0%
Élève de Kibôgamine Ultime Physicien
0%
Famille Togami Wasuke Togami
0%
Famille Togami Yoru Togami
0%
Famille Togami Yoshie Togami
0%
Producteur d'Idol Monk Yoshihiko Hayashi
0%
Famille Ketôin Yuika Ketôin
0%
Famille Togami Yûsuke Togami
0%
Participant du Duel Noir de l'Hôtel Norman Yûzen Minase
0%
Aucun quiz correspondant
Distribution des résultats
% des personnes avec chaque résultat
Percentile par nombre de réponses
Votre historique - résultats
Vous n’avez pas pris ce quiz depuis la dernière actualisation